Science Quiz

Random Science or Elements Quiz

Letter Pyramid - Chemical Elements Quiz Stats

 Plays Quiz Updated Apr 26, 2019

Score 0/225 Timer 01:30
5 Plays Today
% Correct
Helium
98.4%
Helium
98.4%
Helium
98.4%
Helium
98.4%
Helium
98.4%
Helium
98.4%
Helium
98.4%
Helium
98.4%
Helium
98.4%
Helium
98.4%
Helium
98.4%
Helium
98.4%
Helium
98.4%
Helium
98.4%
Helium
98.4%
Helium
98.4%
Helium
98.4%
Helium
98.4%
Gold
96.2%
Gold
96.2%
Gold
96.2%
Gold
96.2%
Gold
96.2%
Gold
96.2%
Gold
96.2%
Gold
96.2%
Gold
96.2%
Gold
96.2%
Gold
96.2%
Gold
96.2%
Hydrogen
91.8%
Hydrogen
91.8%
Hydrogen
91.8%
Hydrogen
91.8%
Hydrogen
91.8%
Hydrogen
91.8%
Hydrogen
91.8%
Hydrogen
91.8%
Hydrogen
91.8%
Hydrogen
91.8%
Hydrogen
91.8%
Hydrogen
91.8%
Hydrogen
91.8%
Hydrogen
91.8%
Hydrogen
91.8%
Hydrogen
91.8%
Hydrogen
91.8%
Hydrogen
91.8%
Hydrogen
91.8%
Hydrogen
91.8%
Hydrogen
91.8%
Hydrogen
91.8%
Hydrogen
91.8%
Hydrogen
91.8%
Lithium
85%
Lithium
85%
Lithium
85%
Lithium
85%
Lithium
85%
Lithium
85%
Lithium
85%
Lithium
85%
Lithium
85%
Lithium
85%
Lithium
85%
Lithium
85%
Lithium
85%
Lithium
85%
Lithium
85%
Lithium
85%
Lithium
85%
Lithium
85%
Lithium
85%
Lithium
85%
Lithium
85%
% Correct
Boron
84.8%
Boron
84.8%
Boron
84.8%
Boron
84.8%
Boron
84.8%
Boron
84.8%
Boron
84.8%
Boron
84.8%
Boron
84.8%
Boron
84.8%
Boron
84.8%
Boron
84.8%
Boron
84.8%
Boron
84.8%
Boron
84.8%
Potassium
83.5%
Potassium
83.5%
Potassium
83.5%
Potassium
83.5%
Potassium
83.5%
Potassium
83.5%
Potassium
83.5%
Potassium
83.5%
Potassium
83.5%
Potassium
83.5%
Potassium
83.5%
Potassium
83.5%
Potassium
83.5%
Potassium
83.5%
Potassium
83.5%
Potassium
83.5%
Potassium
83.5%
Potassium
83.5%
Potassium
83.5%
Potassium
83.5%
Potassium
83.5%
Potassium
83.5%
Potassium
83.5%
Potassium
83.5%
Potassium
83.5%
Potassium
83.5%
Potassium
83.5%
Tin
74.1%
Tin
74.1%
Tin
74.1%
Tin
74.1%
Tin
74.1%
Tin
74.1%
Tin
74.1%
Tin
74.1%
Tin
74.1%
Einsteinium
64.2%
Einsteinium
64.2%
Einsteinium
64.2%
Einsteinium
64.2%
Einsteinium
64.1%
Einsteinium
64.1%
Einsteinium
64.1%
Einsteinium
64.1%
Einsteinium
64.1%
Einsteinium
64.1%
Einsteinium
64.1%
Einsteinium
64.1%
Einsteinium
64.1%
Einsteinium
64.1%
Einsteinium
64.1%
Einsteinium
64.1%
Einsteinium
64.1%
Einsteinium
64.1%
Einsteinium
64.1%
Einsteinium
64.1%
Einsteinium
64.1%
Einsteinium
64.1%
Einsteinium
64.1%
Einsteinium
64.1%
% Correct
Einsteinium
64.1%
Einsteinium
64.1%
Einsteinium
64.1%
Einsteinium
64.1%
Einsteinium
64.1%
Einsteinium
64.1%
Einsteinium
64.1%
Einsteinium
64.1%
Einsteinium
64.1%
Phosphorus
42.5%
Phosphorus
42.5%
Phosphorus
42.5%
Phosphorus
42.5%
Phosphorus
42.5%
Phosphorus
42.5%
Phosphorus
42.5%
Phosphorus
42.5%
Phosphorus
42.5%
Phosphorus
42.5%
Phosphorus
42.5%
Phosphorus
42.5%
Phosphorus
42.5%
Phosphorus
42.5%
Phosphorus
42.5%
Phosphorus
42.5%
Phosphorus
42.5%
Phosphorus
42.5%
Phosphorus
42.5%
Phosphorus
42.5%
Phosphorus
42.5%
Phosphorus
42.5%
Phosphorus
42.5%
Phosphorus
42.5%
Phosphorus
42.5%
Phosphorus
42.5%
Phosphorus
42.5%
Phosphorus
42.5%
Phosphorus
42.5%
Phosphorus
42.5%
Darmstadtium
36.3%
Darmstadtium
36.3%
Darmstadtium
36.3%
Darmstadtium
36.3%
Darmstadtium
36.3%
Darmstadtium
36.3%
Darmstadtium
36.3%
Darmstadtium
36.3%
Darmstadtium
36.3%
Darmstadtium
36.3%
Darmstadtium
36.3%
Darmstadtium
36.3%
Darmstadtium
36.3%
Darmstadtium
36.3%
Darmstadtium
36.3%
Darmstadtium
36.3%
Darmstadtium
36.3%
Darmstadtium
36.3%
Darmstadtium
36.3%
Darmstadtium
36.3%
Darmstadtium
36.3%
Darmstadtium
36.3%
Darmstadtium
36.3%
Darmstadtium
36.3%
Darmstadtium
36.3%
Darmstadtium
36.3%
Darmstadtium
36.3%
Darmstadtium
36.3%
Darmstadtium
36.3%
Darmstadtium
36.3%
Darmstadtium
36.3%
Darmstadtium
36.3%
Darmstadtium
36.3%
Darmstadtium
36.3%
Darmstadtium
36.3%
Darmstadtium
36.3%

You're not logged in!

Compare scores with friends on all Sporcle quizzes.
OR
Log In

Sporcle TV

Today on Sporcle TV


Watch our educational content, quiz creation guides, and fun videos on Sporcle TV.

Show Comments

Extras

Top Quizzes Today


Score Distribution

Your Account Isn't Verified!

In order to create a playlist on Sporcle, you need to verify the email address you used during registration. Go to your Sporcle Settings to finish the process.

Report this User

Report this user for behavior that violates our Community Guidelines.

Details: